000 01415nam0a2200361 4500
001 RU\NLR\bibl\1408697
005 20260406100217.0
010 _a978-5-9922-0397-4
_bв пер.
_911000
021 _aRU
_b2009-52369
_93220
035 _a(nilc)RSL-KNO-004349406
035 _a(NLR Aleph) 001400689
090 _a1220482
_c1220482
100 _a20090619d2009 |||y0rusy50 ca
101 0 _arus
102 _aRU
105 _ay zzzz|||||
200 1 _aДикий талант
_eроман
_fШимун Врочек, Виталий Обедин
_g[худож.: В. Федоров]
210 _aМосква
_cАрмада
_cАльфа-книга
_d2009
215 _a311, [2] с.
_cил.
_d21
225 1 _aФантастический боевик
_vвып. 594
320 _aДр. кн. авт. на 1-й с.
686 _aШ5(2=Р)75-644.5
_2rubbk
686 _aШ6(2=Р)75-445
700 1 _4070
_8rus
_7ca
_aВрочек
_bШ.
_f1976-
_gШимун
_3RU\NLR\auth\7793987
_976913
701 1 _aОбедин
_bВ. В.
_gВиталий Валерьевич
_4070
702 1 _4040
_aФедоров
_bВ. В.
_cхудожник-иллюстратор
_f1957-
_gВячеслав Вениаминович
_3RU\NLR\AUTH\7775141
_958069
801 0 _aRU
_bРКП
_c20090619
_grcr
801 1 _aRU
_bРГБ
_c20090619
801 2 _aRU
_bNLR
_c20090907
_grcr
942 _cBOOK
980 _aNB